000 00756nam a2200277#a 4500
001 00223
003 HDC
007 ta
008 230623s2023 xx 000 0 eng d
020 _a9789673220908 (pbk.).
040 _aHDC
050 _aSF 492
_b.M35
100 _aMaisarah Fadli
245 0 _aPenternakan ayam kampung secara komersil /
_c[adaptasi Maisarah Fadli; penulis Sarwono, S.]
264 _aKuala Lumpur :
_bSynergyMedia,
_c[200-?]
300 _a116p. :
_b il. (some.col.) ;
_c 23cm.
440 _aSiri pertanian dan industri kecil
650 _aChickens
_xBreeding
650 _aPoultry industry
650 _aPoultry
_xBreeding
700 _aSarwono, B.
942 _2lcc
942 _cBK
942 _kSF 492
942 _m.M35
999 _c21867
_d21867